00560nam a22001697a 450000500170000001000150001702000270003203500130005903700130007208200120008510000190009724501230011626000430023927000560028230000330033850000190037120231229123656.0 aENG-116109 a9788193115848c1495.00 aEN-99641 bDBAD/PUB a338.968 aSarkar,Sukanta aHorn of African economy:bGrowth,challenges and government strategies/cby Sukanta Sarkar [and] Suman Kalyan Chaudhury aNew DelhibBest Publishing Housec2016 a5A/4406/12,Ansari Road,DaryaganjbNew Delhie110002 axiv,206p.:b(maps)c23cm(Hb) aIncludes index